02792njm a2200565 i 4500001000700000003000900007005001700016007001500033008004100048015001000089017005000099020001800149035002100167035002100188040002900209100003800238240004400276245007900320260004000399264001100439300005200450336004000502337002000542338002400562490005100586500001800637511030400655518007500959520045301034650002401487655001501511700010401526700003701630700003801667700004001705700002501745700003901770700003701809700002501846700002501871700002601896700002301922700002301945700002601968700002601994700002502020700004502045710002602090852011002116196109ES-MaACL20250904042302.0sd*fsngnnmmned240209s2007 sp opn d / ger  aSON07 aM 25700-2007bOficina Depósito Legal Madrid a9788496832671 a(OCoLC)733194815 a(SpMaBN)a4580562 aSpMaBNbspacSpMaBNerdc1 aWagner, Richard, d1813-1883ecmp14aDer Ring des Nibelungen.pDie Walküre14aDie Walküre /cWagner ; libreto de Richard Wagner h[Grabación sonora] aMadrid :bPrisa Innova, cD.L. 2007 a©2007 a3 discos (CD Audio) + e1 libro (106 páginas) 2rdacontentamúsica (interpretada) 2rdamediaaaudio 2rdacarrieravolumen1 aLos clásicos de la ópera, 400 años ;v30 aRemasterizado1 aMartha Mödl, Leonie Rysanek, Ferdinand Frantz, Ludwig Suthaus, Margarete Klose, Gottlob Frick, Gerda Schreyer, Judith Hellwig, Dagmar Schmedes, Ruth Siewert, Erika Köth, Hertha Töpper, Johanna Blatter, Dagmar Hermann ; Orquesta Filarmónica de Viena ; Wilhelm Furtwängler, director musical. aGrabado en el Musikvereinsaal de Viena en septiembre y octubre de 1954 aEn su exilio de Zurich en 1849, Wagner comenzó el libreto de su vasta y ambiciosa obra basada en el Cantar de los nibelungos, que se estrenaría finalmente en Bayreuth en 1876. Después del prólogo que constituye El oro del Rin, con La Walkyria entramos de lleno en el terreno de las emociones humanas ―el destino trágico, el amor incestuoso que sacude los cimientos del mundo burgués―, con una intensidad dramática sin precedentes. 7aÓperas-vLibretos 7aLibretos21 aWagner, Richard, d1813-1883- tDer Ring des Nibelungen- pDie Walküre- lEspañol-Alemánelbt1 aMödl, Martha, d1912-2001eprf1 aRysanek, Leonie, d1926-1998eprf1 aFrantz, Ferdinand, d1906-1959eprf1 aSuthaus, Ludwigeprf1 aKlose, Margarete, d1899-1968eprf1 aFrick, Gottlob, d1906-1994eprf1 aSchreyer, Gerdaeprf1 aHellwig, Juditheprf1 aSchmedes, Dagmareprf1 aSiewert, Rutheprf1 aKöth, Erikaeprf1 aTöpper, Herthaeprf1 aBlatter, Johannaeprf1 aHermann, Dagmareprf1 aFurtwängler, Wilhelm, d1886-1954emsd2 aWiener Philharmoniker aES-MaACLbR.155043cDEPOJjN-9825hDonación: Miren FernándezxEncuadernación cartoné pVolumen 30